| 000 | 00891nam a2200229 4500 | ||
|---|---|---|---|
| 001 | 190445 | ||
| 003 | ES-MaACL | ||
| 005 | 20240519063028.0 | ||
| 008 | 210330s2003 sp 001 p spa | ||
| 020 | _a84-226-9901-X | ||
| 020 | _a84-8109-439-0 | ||
| 080 | _a821.134.2(72)-14"19" | ||
| 080 | _a821.134.2(72)-4"19" | ||
| 100 | 1 |
_aSegovia, Tomás, _d1927-2011 _9105153 |
|
| 245 | 1 | 0 |
_aEn los ojos del día : _bantología poética / _cTomás Segovia ; introducción de Carlos Piera ; selección de Aurelio Major. |
| 260 |
_aBarcelona : _bCírculo de Lectores : _bGalaxia Gutenberg, _c[2003] |
||
| 300 |
_a341 p. ; _c22 cm. |
||
| 505 | 8 | _aApéndice: Guía prosódica; Para empezar desde el principio | |
| 852 | 4 |
_aES-MaACL _jA-14646 _9 197622 _bR.152291 _cDEPO1 _dOlim: N-7646 _hDonación: Editorial _xEncuadernación en cartoné. |
|
| 942 | _2udc | ||
| 999 |
_c190445 _d190445 |
||